Media/Society: (Record no. 19413)
[ view plain ]
| 000 -LEADER | |
|---|---|
| fixed length control field | 00536nam a22001817a 4500 |
| 008 - FIXED-LENGTH DATA ELEMENTS--GENERAL INFORMATION | |
| fixed length control field | 220728b |||||||| |||| 00| 0 eng d |
| 020 ## - INTERNATIONAL STANDARD BOOK NUMBER | |
| International Standard Book Number | 1071819326 |
| 050 ## - LIBRARY OF CONGRESS CALL NUMBER | |
| Classification number | HN90 |
| Item number | .C76 2022 |
| 100 ## - MAIN ENTRY--PERSONAL NAME | |
| Personal name | Croteau, David |
| 245 ## - TITLE STATEMENT | |
| Title | Media/Society: |
| Remainder of title | Technology, Industries, Content, and Users/ |
| Statement of responsibility, etc. | David Croteau |
| 250 ## - EDITION STATEMENT | |
| Edition statement | 7th ed. |
| 260 ## - PUBLICATION, DISTRIBUTION, ETC. (IMPRINT) | |
| Place of publication, distribution, etc. | Los Angeles |
| Name of publisher, distributor, etc. | Sage |
| Date of publication, distribution, etc. | 2022 |
| 300 ## - PHYSICAL DESCRIPTION | |
| Extent | xviii, 497p. |
| 650 ## - SUBJECT ADDED ENTRY--TOPICAL TERM | |
| Topical term or geographic name as entry element | Mass media |
| Form subdivision | social aspects |
| 650 ## - SUBJECT ADDED ENTRY--TOPICAL TERM | |
| Topical term or geographic name as entry element | Mass media |
| Form subdivision | political aspects |
| 700 ## - ADDED ENTRY--PERSONAL NAME | |
| Personal name | Childress, Clayton C. |
| 942 ## - ADDED ENTRY ELEMENTS (KOHA) | |
| Source of classification or shelving scheme | Library of Congress Classification |
| Koha item type | General Collection |
| Withdrawn status | Lost status | Source of classification or shelving scheme | Not for loan | Home library | Current library | Date acquired | Cost, normal purchase price | Total Checkouts | Full call number | Barcode | Date last seen | Price effective from | Koha item type |
|---|---|---|---|---|---|---|---|---|---|---|---|---|---|
| Library of Congress Classification | Kabarak, Main Campus | Kabarak, Main Campus | 28/07/2022 | 8349.00 | HN90 .C76 2022 c.1 | 032152 | 28/07/2022 | 28/07/2022 | General Collection | ||||
| Library of Congress Classification | Kabarak, Main Campus | Kabarak, Main Campus | 28/07/2022 | 8349.00 | HN90 .C76 2022 c.2 | 032153 | 28/07/2022 | 28/07/2022 | General Collection | ||||
| Library of Congress Classification | Kabarak, Main Campus | Kabarak, Main Campus | 28/07/2022 | 8349.00 | HN90 .C76 2022 c.3 | 032154 | 28/07/2022 | 28/07/2022 | General Collection |